| Поле | Инд. | ПП | Название | Значение |
|---|---|---|---|---|
| Тип записи | a | |||
| Библиографический уровень | b | |||
| 001 | Контрольный номер | RU/IS/BASE/322680064 | ||
| 005 | Дата корректировки | 20200601191418.3 | ||
| 008 | Кодируемые данные | 20100323 | ||
| 040 | b | Код языка каталог. | rus | |
| e | Правила каталог. | PSBO | ||
| 041 | 0_ | a | Код языка текста | rus |
| 084 | a | Индекс другой классификации/Индекс ББК | 60.521.2; 60.561.26 | |
| 100 | 1_ | a | Автор | Черняева Т. И. |
| q | Полное имя | Черняева Татьяна Ивановна | ||
| 100 | 1_ | a | Автор | Шаркова Г. Н. |
| q | Полное имя | Шаркова Галина Николаевна | ||
| 245 | 10 | a | Заглавие | Эмоциональный резонанс как фундаментальный процесс общества потребления |
| 504 | a | Библиография | Библиогр.: с. 111 - 112 | |
| 520 | 0_ | a | Аннотация | Потребление в постсовременном мире - неизменный атрибут социальных процессов и их институциональных форм. В статье рассматриваются особенности потребления в базовых терминах социологической теории, обрисовываются пути и сущностные характеристики социального конструирования потребительских практик. Раскрывается содержание концепта эмоционального резонанса как фундаментального процесса общества потребления |
| 650 | 14 | a | Основная рубрика | социология |
| a | Основная рубрика | экономическая социология | ||
| 653 | 1_ | a | Ключевые слова | имидж |
| a | Ключевые слова | общество | ||
| a | Ключевые слова | общество потребления | ||
| a | Ключевые слова | потребление | ||
| a | Ключевые слова | социальное действие | ||
| a | Ключевые слова | экономика | ||
| 773 | 08 | t | Заглавие источника | Вестник Московского университета. Серия 18, Социология и политология |
| d | Дата издания источника | 2009 | ||
| g | Прочая информация | № 4. - С. 97 - 112 : табл. | ||
| w | Контрольный № источника | RU/IS/BASE/317399284 | ||
| 901 | t | Тип документа | b |